Expresiones del pueblo de Dios (Registro nro. 51281)
[ vista simple ]
| 000 -LÍDER | |
|---|---|
| Campo fijo de descripción fija | 01015aab a2200193 i 4500 |
| 001 - NÚMERO DE CONTROL | |
| Campo de control | 768714001 |
| 003 - IDENTIFICADOR DEL NÚMERO DE CONTROL | |
| Campo de control | CO-MdFUSB |
| 005 - FECHA Y HORA DE LA ULTIMA TRANSACCIÓN | |
| control field | 20240422100009.0 |
| 008 - ELEMENTOS DE LONGITUD FIJA -- INFORMACIÓN GENERAL | |
| Campo fijo de descripción fija -- Información general | 240415t1982 ag ||||| |||| 00| 0 spa d |
| 040 ## - FUENTE DE CATALOGACIÓN | |
| Idioma de catalogación | spa |
| Agencia que realiza la transcripción | CO-MdFUSB |
| 041 ## - CÓDIGO DE IDIOMA | |
| Código de idioma para texto/pista de sonido o título separado | spa |
| 100 1# - ASIENTO PRINCIPAL--NOMBRE PERSONAL | |
| Nombre personal | Ramírez, Eduardo M. |
| Término relacionador | autor |
| 245 ## - TÍTULO | |
| Título | Expresiones del pueblo de Dios |
| Mención de responsabilidad | / Eduardo M. Ramírez |
| 300 ## - DESCRIPCIÓN FÍSICA | |
| Extensión | Volumen 1, número 1 (marzo - junio, 1982), página: 34 |
| Dimensiones | ; 27 cm |
| 520 ## - NOTA DE RESUMEN, ETC. | |
| Nota de sumario, etc. | Esta columna tiene como objetivo proporcionar una vía para el examen de ciertos aspectos relacionados con el culto cristiano. Además, la liturgia abarca varios aspectos, tanto prácticos como teológicos. El equilibrio entre lo teológico y lo práctico a través de ejemplos concretos nos permite preguntarnos, número por número: ¿Qué significa la liturgia para nosotros los latinoamericanos?<br/> |
| 650 #7 - ASIENTO SECUNDARIO DE MATERIA - TERMINO TEMÁTICO | |
| Término temático o nombre geográfico como elemento de entrada | Liturgia |
| 9 (RLIN) | 206 |
| 773 0# - ASIENTO DE ITEM FUENTE | |
| Título | Iglesia y Misión |
| Biblionumber | 49402 |
| Itemnumber | 59626 |
| Parte(s) relacionada(s) / Volumen., número. (mes año), páginas | Volumen 1, número 1 (marzo - junio, 1982), página: 34 |
| Enumeración y primera página | página: 34 |
| 942 ## - TIPO DE MATERIAL (KOHA) | |
| Tipo de Item KOHA | Artículos de Revista |
No hay ítems disponibles.
